Quiz Cultura Generale - Quiz n°15 - Statistics

Statistiche generali
  • Questo quiz è stato fatto 204 volte
  • Il punteggio medio è 6 su 15
Statistiche sulle risposte
Domanda Risposta % Corretto
Come si chiama il canale che separa Sicilia e Calabria? Stretto di Messina
87%
Quale figura folcloristico scappa a causa dell'aglio? Vampiro
85%
In quale duomo è conservata la Sacra Sindone? Duomo di Torino
61%
Qual è il terzo stato al mondo per superficie? Stati Uniti d'America
50%
Che animale è il Principe Giovanni nel film Disney Robin Hood? Leone
48%
Con quale altro nome sono chiamati gli eritrociti? Globuli rossi
47%
Qual è il paese più densamente popolato d'Europa? Monaco
41%
Quante ore ci sono in una settimana? 168
38%
Cosa si raccoglie in una pinacoteca? Dipinti
36%
Qual è la capitale del Ghana? Accra
33%
Con quale espressione latina si può esprimere il concetto "Una volta sola"? Una tantum
30%
Quale era è iniziata, per convenzione, con la caduta dell'Impero Romano d'Occidente? Medioevo
27%
In quale stato esisteva la polizia segreta chiamata Stasi? Germania Est
16%
Quale marchio aveva come slogan "Think different"? Apple
13%
Quale codice ha Parigi sulle targhe automobiliste francesi? 75
2%
Nessun quiz corrispondente trovato
Distribuzione punteggi
Percentuale di utenti per punteggio
Percentile per numero di risposta
I tuoi punteggi nel tempo
Non hai fatto questo quiz